[Event "Vicenza op 8th"]
[Site "Vicenza"]
[Date "2004.10.10"]
[Round "6"]
[White "De Mori, Michele"]
[Black "Dvirnyy, Danyyil"]
[Result "1-0"]
[WhiteElo "1928"]
[BlackElo "2087"]
[PlyCount "61"]
[EventDate "2004.10.02"]
[EventType "swiss"]
[EventRounds "6"]
[EventCountry "ITA"]
[SourceTitle "EXT 2009"]
[Source "ChessBase"]
[SourceDate "2008.11.26"]
[SourceVersion "1"]
[SourceVersionDate "2008.11.26"]
[SourceQuality "1"]

1. d4 Nf6 2. Nf3 g6 3. e3 Bg7 4. Be2 d6 5. b3 0-0 6. Bb2 Nbd7 7. Nc3 c6 8. a4 e5 9. dxe5 dxe5 10. e4 Qa5 11. 0-0 Rd8 12. Nd2 Nc5 13. Qe1 Qc7 14. Bc4 Be6 15. Qe3 Ng4 16. Qxc5 Bf8 17. Nb5 Qb8 18. Nd6 Bxd6 19. Qa5 b6 20. Qc3 Bxc4 21. Nxc4 f6 22. Qf3 f5 23. Rad1 Bc7 24. exf5 Nxh2 25. Qh3 Nxf1 26. fxg6 hxg6 27. Qe6+ Kg7 28. Nxe5 Bxe5 29. Bxe5+ Kh6 30. Qh3+ Kg5 31. f4# 1-0

[Event "Vicenza op 8th"]
[Site "Vicenza"]
[Date "2004.10.03"]
[Round "2"]
[White "De Mori, Michele"]
[Black "Ventura, Boris"]
[Result "1-0"]
[WhiteElo "1928"]
[BlackElo "2179"]
[PlyCount "61"]
[EventDate "2004.10.02"]
[EventType "swiss"]
[EventRounds "6"]
[EventCountry "ITA"]
[SourceTitle "EXT 2009"]
[Source "ChessBase"]
[SourceDate "2008.11.26"]
[SourceVersion "1"]
[SourceVersionDate "2008.11.26"]
[SourceQuality "1"]

1. d4 d5 2. Nf3 Nc6 3. Bf4 Nf6 4. Nbd2 Bf5 5. c3 h6 6. h3 e6 7. Qa4 Bd6 8. Ne5 0-0 9. Nxc6 bxc6 10. Be3 Rb8 11. g4 Bg6 12. b3 e5 13. Bg2 exd4 14. cxd4 Rb6 15. Rc1 Qa8 16. 0-0 Qb7 17. b4 Bxb4 18. Nf3 Be4 19. Ne5 Bxg2 20. Kxg2 c5 21. dxc5 Ra6 22. c6 Rxa4 23. cxb7 Bd6 24. Nc6 Nd7 25. Bxa7 Rxa2 26. b8Q Nxb8 27. Bxb8 Rxe2 28. Rfe1 Rb2 29. Bxc7 Bxc7 30. Ne7+ Kh8 31. Rxc7 1-0

[Event "Vicenza op 8th"]
[Site "Vicenza"]
[Date "2004.10.02"]
[Round "1"]
[White "Solinas, Carlo"]
[Black "De Mori, Michele"]
[Result "1-0"]
[WhiteElo "2094"]
[BlackElo "1928"]
[PlyCount "45"]
[EventDate "2004.10.02"]
[EventType "swiss"]
[EventRounds "6"]
[EventCountry "ITA"]
[SourceTitle "EXT 2009"]
[Source "ChessBase"]
[SourceDate "2008.11.26"]
[SourceVersion "1"]
[SourceVersionDate "2008.11.26"]
[SourceQuality "1"]

1. e4 e5 2. d4 Nc6 3. Nf3 exd4 4. Bc4 Bc5 5. c3 Nf6 6. cxd4 Bb4+ 7. Bd2 Bxd2+ 8. Nbxd2 d6 9. d5 Ne7 10. 0-0 0-0 11. Re1 Ng6 12. Qc2 Bd7 13. Rad1 Ng4 14. h3 N4e5 15. Bb3 f5 16. Nxe5 Nxe5 17. f4 Ng6 18. e5 Be8 19. g3 Kh8 20. Nf3 h6 21. Qe2 Qd7 22. Nd4 Rg8 23. e6 1-0